000 00820nam a2200253 4500
001 32081
003 AR-RoBPED
005 20250924091316.0
008 250923s2010 es ||||er|||| 001 0 spa d
020 _a9788447377107
040 _aAR-RoBPED
041 _aspa
100 1 _aNietzsche, Friedrich
_d1844-1900
_92266
245 1 _aEl nacimiento de la tragedia ; El caminante y su sombra ; La ciencia jovial /
_cFriedrich Nietzsche ; estudio introductorio por Germán Cano.
260 _aEspaña :
_bGredos,
_c2010.
300 _a610 p.
650 4 _aFILOSOFIA
_919848
650 4 _aMETAFISICA
_91508
650 4 _aMORAL
_9718
650 4 _aVALORES
_9860
700 _aCano, Germán
_930321
_eEstudio introductorio
942 _2udc
_ak. 32081
_cBK
_h17
_mN 56
_ninv. 42159
945 _amm 23/09/2025 - cd 24/09/2025
999 _c32081
_d32081